| 000 | 00414nam a2200157Ia 4500 | ||
|---|---|---|---|
| 008 | 230711s9999||||xx |||||||||||||| ||und|| | ||
| 020 | _a81-7158-238-9 | ||
| 041 | _aENG | ||
| 082 |
_a630 _bSA-M |
||
| 100 | _aSaraf, Vinay Kumar | ||
| 245 | 0 | _aManagement of Rural Development Analytical Approach | |
| 260 |
_c1991 _aNew Delhi _bAkashdeep publishing House |
||
| 300 | _a318p. | ||
| 650 | _aAgriculture | ||
| 942 | _cBK | ||
| 999 |
_c7576 _d7576 |
||